000 00478nam a2200169Ia 4500
008 230917s9999||||xx |||||||||||||| ||und||
020 _cRS1050
040 _e236789
_aMAIN
041 _aEnglish
082 _a363.7 R835E
100 _aRudra, Tanmoy
245 0 _aEcological and environmental protection
260 _aNew Delhi
_bJananda Prakashan
_c2017
300 _aviii, 295.00 p.
500 _a2521 23/12/2016 HBD17/6756 28/12/2016 Main Budget Periodicals
942 _cBK
999 _c20409
_d20409